Statistics for Countries by Alcohol Consumption

Click here to take the quiz!

General Stats

  • This quiz has been taken 138,761 times
    (14,358 since last reset)
  • The average score is 14 of 22

Answer Stats

Drinks / dayCountry% Correct
1.76United Kingdom
96%
1.99Germany
94%
1.90France
90%
1.96Spain
87%
1.99Ireland
86%
1.81Poland
82%
2.22Czech Republic
77%
1.85Portugal
77%
1.85Austria
76%
1.81Romania
70%
1.98Latvia
69%
1.76Belarus
69%
2.04Lithuania
68%
1.78Switzerland
68%
1.84Slovenia
66%
1.96Bulgaria
65%
1.76Moldova
59%
1.99Luxembourg
56%
1.78Montenegro
42%
2.33Uganda
7%
3.16Seychelles
6%
1.85Burkina Faso
3%

Score Distribution

Percentile by Number Answered

Percent of People with Each Score

Your Score History

You have not taken this quiz since the last reset